[Event "FRA-chT2 0910"]
[Site "France"]
[Date "2009.10.17"]
[Round "2.4"]
[White "Denoyelle, Arnaud"]
[Black "Relea, Nicolas"]
[Result "0-1"]
[WhiteElo "2207"]
[BlackElo "2196"]
[PlyCount "56"]
[EventDate "2009.09.27"]
[EventType "team-tourn"]
[EventRounds "11"]
[EventCountry "FRA"]
[SourceTitle "EXT 2011"]
[Source "ChessBase"]
[SourceDate "2010.11.26"]
[SourceVersion "1"]
[SourceVersionDate "2010.11.26"]
[SourceQuality "1"]

1. d4 Nf6 2. Bg5 c5 3. Nc3 Qb6 4. dxc5 Qxb2 5. Na4 Qb4+ 6. c3 Qa5 7. Rb1 Ne4 8. Be3 e6 9. Qd4 f5 10. f3 Nc6 11. Qc4 Nf6 12. Bf4 Be7 13. Rb5 Qd8 14. e4 fxe4 15. fxe4 0-0 16. Nf3 Nh5 17. Be3 h6 18. Rb1 b5 19. cxb6 Bb7 20. Nc5 Bxc5 21. Bxc5 d5 22. Qa4 Rf4 23. Bd3 dxe4 24. Bxe4 Ne5 25. Bxb7 Nd3+ 26. Kf1 Rxa4 27. Bxa8 Nxc5 28. b7 Qd3+ 0-1

[Event "FRA-chT2S 9900"]
[Site "France"]
[Date "2000.01.15"]
[Round "5"]
[White "Denoyelle, Arnaud"]
[Black "Martin, Joel"]
[Result "1/2-1/2"]
[WhiteElo "2203"]
[BlackElo "2100"]
[PlyCount "86"]
[EventDate "1999.01.15"]
[EventType "team"]
[EventRounds "7"]
[EventCountry "FRA"]
[SourceTitle "EXT 2002"]
[Source "ChessBase"]
[SourceDate "2001.11.25"]
[SourceVersion "1"]
[SourceVersionDate "2001.11.25"]
[SourceQuality "1"]

1. d4 Nf6 2. Bg5 g6 3. Nd2 d5 4. Bxf6 exf6 5. e3 c5 6. dxc5 Bxc5 7. c3 Nc6 8. Ne2 Be6 9. Nb3 Bd6 10. Ned4 Nxd4 11. Nxd4 Qb6 12. Qb3 Bc5 13. Qxb6 Bxb6 14. Rd1 Ke7 15. Be2 Rhd8 16. Bf3 Rac8 17. a3 g5 18. g3 Rc4 19. Be2 Rcc8 20. Rd2 a6 21. 0-0 Rc7 22. Rfd1 Rcd7 23. Bf3 h6 24. Kf1 Bc7 25. Bg2 Bg4 26. f3 Be6 27. Kf2 Bb6 28. h3 f5 29. f4 Kf6 30. Nc2 a5 31. Nd4 Re7 32. Bf1 Bd7 33. Bg2 Bc6 34. Bf3 Rde8 35. Re1 Bc5 36. Bd1 Bd7 37. Bb3 Bc6 38. Ba2 Bb6 39. Bb1 Bd7 40. Bc2 Bc5 41. Bxf5 Bxd4 42. Bxd7 Bxc3 43. bxc3 Rxd7 1/2-1/2

[Event "FRA-chT2S 9900"]
[Site "France"]
[Date "1999.11.21"]
[Round "3"]
[White "Denoyelle, Arnaud"]
[Black "Rainfray, Arnaud"]
[Result "0-1"]
[WhiteElo "2203"]
[BlackElo "2322"]
[PlyCount "84"]
[EventDate "1999.01.15"]
[EventType "team"]
[EventRounds "7"]
[EventCountry "FRA"]
[SourceTitle "EXT 2002"]
[Source "ChessBase"]
[SourceDate "2001.11.25"]
[SourceVersion "1"]
[SourceVersionDate "2001.11.25"]
[SourceQuality "1"]

1. d4 d5 2. Nf3 Nf6 3. c4 e6 4. Nc3 Bb4 5. e3 c5 6. Bd3 cxd4 7. exd4 dxc4 8. Bxc4 0-0 9. 0-0 Nbd7 10. Qe2 Bxc3 11. bxc3 Qc7 12. Bg5 b6 13. Rac1 Bb7 14. Bd3 Rac8 15. Rfe1 Qd6 16. Bb1 h6 17. Bh4 Qa3 18. c4 Ba6 19. Ne5 Rfe8 20. Qd1 Qb4 21. Nxd7 Nxd7 22. Qd3 Nf8 23. Qb3 Rxc4 24. Qxb4 Rxb4 25. Rc7 Rxd4 26. Bg3 Rd7 27. Rxd7 Nxd7 28. Rd1 Nf6 29. h3 Nd5 30. Rc1 Rc8 31. Rxc8+ Bxc8 32. Be4 Nc3 33. Bc6 Nxa2 34. Bd6 Nc3 35. Kf1 Ba6+ 36. Ke1 Bc4 37. g3 Bd5 38. Bd7 Ne4 39. Bb8 Nc5 40. Bc8 a5 41. Bc7 a4 42. Bxb6 Nb3 0-1

[Event "FRA-chT2S 9899"]
[Site "France"]
[Date "1999.??.??"]
[Round "8"]
[White "Denoyelle, Arnaud"]
[Black "Deumie, Philippe"]
[Result "1-0"]
[WhiteElo "2203"]
[BlackElo "2070"]
[PlyCount "76"]
[EventDate "1998.??.??"]
[EventType "team"]
[EventRounds "9"]
[EventCountry "FRA"]
[SourceTitle "EXT 2002"]
[Source "ChessBase"]
[SourceDate "2001.11.25"]
[SourceVersion "1"]
[SourceVersionDate "2001.11.25"]
[SourceQuality "1"]

1. e4 e6 2. d4 d5 3. e5 c5 4. Nf3 Nc6 5. c3 Bd7 6. Bd3 cxd4 7. cxd4 Qb6 8. 0-0 Nxd4 9. Nxd4 Qxd4 10. Nc3 a6 11. Qe2 Rc8 12. Kh1 Bc5 13. f4 Ne7 14. Bd2 g6 15. f5 Nc6 16. Rae1 Nb4 17. Bb1 Qc4 18. Qd1 Bf8 19. Rf4 Qc7 20. fxg6 hxg6 21. Bxg6 fxg6 22. Qg4 Qc5 23. Qxg6+ Kd8 24. Rf7 Be7 25. Qg7 Re8 26. Ref1 Kc7 27. a3 Nc6 28. b4 Qc4 29. Rc1 Rg8 30. Qh6 Qg4 31. Rf2 Rh8 32. Qe3 Qh4 33. h3 Rcg8 34. b5 axb5 35. Nxb5+ Kb8 36. Rxc6 Qa4 37. Rc7 Bxb5 38. Qb6 Bc6 1-0

[Event "FRA-chT2S 9798"]
[Site "France"]
[Date "1998.??.??"]
[Round "6"]
[White "Nicoara, Malina"]
[Black "Denoyelle, Arnaud"]
[Result "0-1"]
[WhiteElo "2235"]
[BlackElo "2150"]
[PlyCount "73"]
[EventDate "1997.??.??"]
[EventType "team"]
[EventRounds "9"]
[EventCountry "FRA"]
[SourceTitle "EXT 2003"]
[Source "ChessBase"]
[SourceDate "2002.11.25"]
[SourceVersion "1"]
[SourceVersionDate "2002.11.25"]
[SourceQuality "1"]

1. d4 Nf6 2. c4 e6 3. Nc3 Bb4 4. Qc2 c5 5. dxc5 Bxc5 6. Nf3 Qb6 7. e3 Nc6 8. a3 Qc7 9. Bd3 b6 10. 0-0 Bb7 11. b4 Be7 12. Bb2 0-0 13. Nb5 Qb8 14. Bxf6 gxf6 15. Bxh7+ Kg7 16. Be4 f5 17. Bd3 Rh8 18. h3 Bf6 19. Nbd4 Nxd4 20. Nxd4 Qe5 21. Ne2 Rag8 22. Rfe1 Kf8 23. Nf4 Bg5 24. Bf1 Qc7 25. b5 Bxf4 26. exf4 Rxh3 27. Re3 Rh4 28. Qd2 Bxg2 29. Bxg2 Qxf4 30. Qd3 Qh2+ 31. Kf1 Qxg2+ 32. Ke2 Qg4+ 33. Kd2 Qxc4 34. Qd6+ Kg7 35. Qe5+ f6 36. Rg1+ Kf7 37. Qh2 0-1

[Event "FRA-chT2S 9798"]
[Site "France"]
[Date "1998.??.??"]
[Round "11"]
[White "Noire, Eric"]
[Black "Denoyelle, Arnaud"]
[Result "1-0"]
[WhiteElo "2090"]
[BlackElo "2150"]
[PlyCount "87"]
[EventDate "1997.??.??"]
[EventType "team"]
[EventRounds "9"]
[EventCountry "FRA"]
[SourceTitle "EXT 2003"]
[Source "ChessBase"]
[SourceDate "2002.11.25"]
[SourceVersion "1"]
[SourceVersionDate "2002.11.25"]
[SourceQuality "1"]

1. e4 c5 2. b4 cxb4 3. d4 d5 4. e5 Bf5 5. a3 e6 6. axb4 Bxb4+ 7. c3 Be7 8. Qb3 Qc7 9. Na3 a6 10. Nb5 Qc8 11. Nf3 Nd7 12. Nd6+ Bxd6 13. exd6 Ngf6 14. Ne5 0-0 15. f3 Ne8 16. g4 Bg6 17. h4 h6 18. Bf4 Bh7 19. g5 f6 20. Nxd7 Qxd7 21. gxh6 g5 22. Rg1 Bg6 23. hxg5 f5 24. Bb5 Qf7 25. d7 Nf6 26. gxf6 axb5 27. Rxa8 Rxa8 28. Qxb5 Rd8 29. Qxb7 Kh7 30. Qc7 Qxd7 31. Qe5 Ra8 32. Kf2 Qf7 33. Re1 Ra2+ 34. Kg3 Bh5 35. Bg5 Kg6 36. Kf4 Rf2 37. Re3 Qd7 38. Kg3 Rc2 39. Qxe6 Qxe6 40. Rxe6 Kxg5 41. h7 f4+ 42. Kh3 Bxf3 43. Re5+ Kg6 44. h8Q 1-0

[Event "FRA-chT2S"]
[Site "France"]
[Date "1997.??.??"]
[Round "4"]
[White "Ballo, Michel"]
[Black "Denoyelle, Arnaud"]
[Result "1/2-1/2"]
[WhiteElo "2080"]
[BlackElo "2150"]
[PlyCount "160"]
[EventDate "1997.??.??"]
[EventType "team"]
[EventRounds "9"]
[EventCountry "FRA"]
[SourceTitle "EXT 2007"]
[Source "ChessBase"]
[SourceDate "2006.11.23"]
[SourceVersion "1"]
[SourceVersionDate "2006.11.23"]
[SourceQuality "1"]
[WhiteTeam "Lyon"]
[BlackTeam "Grenoble"]
[WhiteTeamCountry "FRA"]
[BlackTeamCountry "FRA"]

1. d4 Nf6 2. c4 e6 3. Nc3 Bb4 4. Qc2 c5 5. dxc5 Bxc5 6. Nf3 Qb6 7. e3 Qc7 8. a3 b6 9. b4 Be7 10. Nb5 Qd8 11. Bb2 a6 12. Nc3 Bb7 13. Be2 a5 14. b5 d6 15. 0-0 Nbd7 16. Na4 Rc8 17. Nd2 0-0 18. Qd1 Qc7 19. Rc1 Rfd8 20. Bf3 Qb8 21. Qe2 Bxf3 22. Nxf3 Qb7 23. Nd4 Nb8 24. Rfd1 Rc7 25. Nf3 Rdc8 26. Nd4 Nfd7 27. Nb3 Ne5 28. c5 bxc5 29. Nxa5 Qe4 30. b6 Rd7 31. b7 Rcc7 32. Nc3 Qh4 33. Nb5 Qa4 34. Nxc7 Rxc7 35. Bxe5 dxe5 36. Nc4 Rxb7 37. Nxe5 Bf6 38. Nc4 Rc7 39. Rb1 Nc6 40. Qd3 g6 41. Nb6 Qa7 42. Nc4 Kg7 43. Qb3 Ne5 44. Nxe5 Bxe5 45. Rdc1 c4 46. Rxc4 Rxc4 47. Qxc4 Qxa3 48. g3 Bf6 49. Qe4 h5 50. Rb7 Qa2 51. h4 Qa1+ 52. Kg2 Qa6 53. Rd7 Qa2 54. Qb7 e5 55. Qd5 Qxd5+ 56. Rxd5 Kf8 57. Rd7 Be7 58. e4 f6 59. f3 Kf7 60. Kf1 Ke6 61. Rd5 f5 62. Kg2 g5 63. hxg5 Bxg5 64. f4 Bf6 65. Kf3 fxe4+ 66. Kxe4 exf4 67. gxf4 h4 68. Rh5 Bd8 69. Rh6+ Kf7 70. Kf5 Kg7 71. Rd6 Ba5 72. Kg4 Be1 73. Re6 Bf2 74. f5 Kf7 75. Rh6 Kg7 76. Rg6+ Kf7 77. Kf3 Be1 78. Ke2 Bg3 79. Kf1 Bf4 80. Kg2 Bg3 1/2-1/2

[Event "FRA-chT2S"]
[Site "France"]
[Date "1997.??.??"]
[Round "1"]
[White "Denoyelle, Arnaud"]
[Black "Pivard, Jean Louis"]
[Result "0-1"]
[WhiteElo "2150"]
[BlackElo "2040"]
[PlyCount "46"]
[EventDate "1997.??.??"]
[EventType "team"]
[EventRounds "9"]
[EventCountry "FRA"]
[SourceTitle "EXT 2007"]
[Source "ChessBase"]
[SourceDate "2006.11.23"]
[SourceVersion "1"]
[SourceVersionDate "2006.11.23"]
[SourceQuality "1"]
[WhiteTeam "Grenoble"]
[BlackTeam "Oyonnax"]
[WhiteTeamCountry "FRA"]
[BlackTeamCountry "FRA"]

1. e4 c6 2. d4 d5 3. Nc3 dxe4 4. Nxe4 Nf6 5. Ng3 h5 6. Bc4 h4 7. N3e2 Bf5 8. h3 e6 9. Nf3 Be7 10. Bf4 Nbd7 11. Bd3 Bxd3 12. Qxd3 Nd5 13. Bh2 Qb6 14. 0-0 g5 15. c4 Qa6 16. Ne1 N5b6 17. b3 0-0-0 18. Qc2 Qa5 19. Rc1 g4 20. hxg4 h3 21. b4 Qxb4 22. c5 Nxc5 23. dxc5 Bxc5 0-1

[Event "FRA-ch Accession"]
[Site "Montpellier"]
[Date "1991.??.??"]
[Round "5"]
[White "Denoyelle, Arnaud"]
[Black "Ferry, Roger"]
[Result "1-0"]
[WhiteElo "1830"]
[BlackElo "2245"]
[PlyCount "75"]
[EventDate "1991.??.??"]
[EventType "swiss"]
[EventRounds "11"]
[EventCountry "FRA"]
[SourceTitle "EXT 1999"]
[Source "ChessBase"]
[SourceDate "1998.11.16"]
[SourceVersion "1"]
[SourceVersionDate "1998.11.16"]
[SourceQuality "1"]

1. e4 e6 2. d4 d5 3. e5 c5 4. c3 Nc6 5. Nf3 Qb6 6. dxc5 Bxc5 7. Qc2 Bd7 8. Bd3 d4 9. b4 Bf8 10. a3 dxc3 11. Nxc3 Nd4 12. Nxd4 Qxd4 13. 0-0 Qxe5 14. Bb2 Rc8 15. Rad1 Nf6 16. Qd2 Be7 17. Ne4 Qd5 18. Qe2 Ba4 19. Rd2 Bc6 20. Bxf6 gxf6 21. b5 Bd7 22. Rfd1 Rg8 23. Ng3 Rg5 24. a4 Rc7 25. b6 axb6 26. Bxh7 Qa5 27. h4 Rgc5 28. Ne4 Rh5 29. Qg4 Qe5 30. f4 f5 31. Qg8+ Bf8 32. fxe5 fxe4 33. Rxd7 Rxd7 34. Rxd7 Kxd7 35. Qxf8 Rxh7 36. h5 e3 37. h6 Kc7 38. Qg7 1-0

[Event "FRA-ch Accession"]
[Site "Montpellier"]
[Date "1991.??.??"]
[Round "9"]
[White "Denoyelle, Arnaud"]
[Black "Fievet, Patrick"]
[Result "0-1"]
[WhiteElo "1830"]
[BlackElo "2270"]
[PlyCount "74"]
[EventDate "1991.??.??"]
[EventType "swiss"]
[EventRounds "11"]
[EventCountry "FRA"]
[SourceTitle "EXT 1999"]
[Source "ChessBase"]
[SourceDate "1998.11.16"]
[SourceVersion "1"]
[SourceVersionDate "1998.11.16"]
[SourceQuality "1"]

1. e4 e6 2. d4 d5 3. e5 c5 4. c3 Nc6 5. Nf3 Nge7 6. Bd3 cxd4 7. cxd4 Nf5 8. Bxf5 exf5 9. 0-0 Be6 10. a3 Be7 11. b4 0-0 12. Be3 Rc8 13. Qd2 h6 14. Rc1 g5 15. g3 a6 16. Nc3 b5 17. h4 f4 18. gxf4 g4 19. Nh2 h5 20. Ne2 Bxh4 21. Nf1 Be7 22. f5 Bxf5 23. Bh6 Re8 24. Nfg3 Bg6 25. Qf4 Qd7 26. Kh2 h4 27. Nf1 Qf5 28. Ne3 Qxf4+ 29. Bxf4 Bd3 30. Nc3 Nxd4 31. Ncxd5 Rxc1 32. Rxc1 Nf3+ 33. Kg2 Be4 34. Kf1 h3 35. Rc3 Bh4 36. Bg3 Bg5 37. Ke2 Rd8 0-1

[Event "FRA-ch Accession"]
[Site "Montpellier"]
[Date "1991.??.??"]
[Round "7"]
[White "Denoyelle, Arnaud"]
[Black "Olivier, Pierre"]
[Result "1/2-1/2"]
[WhiteElo "1830"]
[BlackElo "2210"]
[PlyCount "90"]
[EventDate "1991.??.??"]
[EventType "swiss"]
[EventRounds "11"]
[EventCountry "FRA"]
[SourceTitle "EXT 1999"]
[Source "ChessBase"]
[SourceDate "1998.11.16"]
[SourceVersion "1"]
[SourceVersionDate "1998.11.16"]
[SourceQuality "1"]

1. e4 c5 2. Nf3 g6 3. d4 Bg7 4. c4 Qa5+ 5. Bd2 Qb6 6. Bc3 Nf6 7. d5 0-0 8. Bd3 d6 9. 0-0 e5 10. dxe6 Bxe6 11. Nbd2 Nc6 12. Re1 Rfe8 13. Qa4 a6 14. Rad1 Qc7 15. Qc2 Nb4 16. Qb1 Nxd3 17. Qxd3 b5 18. b3 Bc8 19. Nf1 Bb7 20. Ng3 Rad8 21. Nd2 Bc6 22. f3 b4 23. Ba1 a5 24. Ndf1 h5 25. Ne3 Rd7 26. Rd2 a4 27. Rde2 h4 28. Ngf1 axb3 29. axb3 Nh5 30. Nd5 Bxd5 31. exd5 Rde7 32. Bxg7 Kxg7 33. Qd2 Rxe2 34. Rxe2 Rxe2 35. Qxe2 Qd8 36. Qb2+ Qf6 37. Qxf6+ Kxf6 38. Kf2 Nf4 39. g3 hxg3+ 40. hxg3 Nd3+ 41. Ke3 Ne5 42. Nd2 Ke7 43. Ne4 f6 44. g4 Nf7 45. f4 f5 1/2-1/2